Financial Transaction Tax in Hungary as a Tool to Consolidate Public Finances

Guardado en:
Detalles Bibliográficos
Autor principal: Barteková, Mária, 1992-
Formato: Libro
Lenguaje:inglés
Publicado: Seoul Korea Institute for International Economic Policy 2025
Edición:1st Edition
Materias:
Etiquetas: Agregar Etiqueta
Sin Etiquetas, Sea el primero en etiquetar este registro!

MARC

LEADER 00000nlm a2200000 4500
001 0311725
005 20250729103610.3
041 0 |a eng 
044 |a KP 
245 1 0 |a Financial Transaction Tax in Hungary as a Tool to Consolidate Public Finances  |c Mária Barteková 
250 |a 1st Edition 
264 1 |a Seoul  |b Korea Institute for International Economic Policy  |c 2025 
300 |a [7 s.] 
610 2 0 |a dane transakčné 
610 2 0 |a konsolidácia 
610 2 0 |a financie verejné 
610 2 0 |a kríza finančná 
610 2 0 |a Maďarsko 
100 1 |a Barteková, Mária, 1992-